Normal view
MARC view
- Alfabetización (Educación)
Entry Materia
001 - NÚMERO DE CONTROL DEL REGISTRO
- campo de control: 1834
003 - IDENTIFICADOR DE NUMERO DE CONTROL
- campo de control: MX-MxUPN
005 - FECHA Y HORA DE LA ÚLTIMA TRANSACCIÓN
- campo de control: 20250107105939.0
008 - DATOS DE LONGITUD FIJA
- campo de control de longitud fija: 250107n| fcnnnbabn | ana |d
035 ## - NÚMERO DE CONTROL DEL SISTEMA
- Número de control del sistema: UPN10000001834
040 ## - FUENTE DE LA CATALOGACIÓN
- Centro catalogador de origen: MX-MxUPN
- Lengua de catalogación: spa
- Agencia de transcripción: MX-MxUPN
053 #4 - NÚMERO CLASIFICADOR - BIBLIOTECA DEL CONGRESO (LC)
- Elemento numérico de la clasificación - Número único o no. inicial del rango: LC155 A4.32
150 ## - ENCABEZAMIENTO - TEMÁTICO
- Término de materia o nombre geográfico como elemento inicial: Alfabetización (Educación)
- Subdivisión geográfica: América del Sur
670 ## - FUENTE EN LA QUE SE LOCALIZARON DATOS
- Cita de la fuente: SHLC
- Información localizada: Literacy (May subd. geog.)
902 ## - CATALOGADOR
- Catalogador: MEEG/221196
